All Ticket to Ride Maps - Statistics

General Stats
  • This quiz has been taken 54 times
  • The average score is 16 of 28
Answer Stats
Type Released Answer % Correct
Standalone 2005 Europe
100%
Main Game 2004 Ticket to Ride
96%
Standalone 2012 Germany
89%
Map Collection #2 2011 India
89%
Map Collection #2 2011 Switzerland
89%
Map Collection #6 2017 France
87%
Map Collection #5 2015 United Kingdom
85%
Map Collection #3 2012 Heart of Africa
83%
Map Collection #7 2019 Japan
80%
Map Collection #7 2019 Italy
78%
Map Collection #4 2013 Nederland
72%
Standalone 2007 Nordic Countries
67%
Map Collection #6.5 2019 Poland
65%
Rails & Sails 2016 The World
65%
Cities Collection 2019 London
63%
Cities Collection 2018 New York
63%
Map Collection #5 2015 Pennsylvania
59%
Map Collection #1 2011 Legendary Asia
48%
Rails & Sails 2016 The Great Lakes
41%
Cities Collection 2020 Amsterdam
35%
Standalone 2006 Märklin
35%
Map Collection #6 2017 Old West
35%
Map Collection #1 2011 Team Asia
22%
COVID Edition 2020 Stay at Home
20%
Junior Edition 2016 First Journey
15%
Special Edition 2019 15th Anniversary
13%
Special Edition 2014 10th Anniversary
11%
Junior Edition 2017 First Journey: Europe
7%
No matching quizzes found
Score Distribution
Percent of People with Each Score
Percentile by Number Answered
Your Score History
You have not taken this quiz